00667nam a2200241 a 4500001001300000003000900013005001700022008004100039020001000080082001300090100002000103245005900123260002600182300000800208500003500216505001000251650002400261700002000285902000800305942000700313952009200320999001300412nice12345678IN_TiNIC20260116011323.0050524s1933 wasa grp 000 0 eng  ac10000a201bSCH aSchaff, David S aCardinal Bellarmine-Now Saint and Doctor of the Church aWashingtonbD Cc1933 a17p aincludes index and biblioraphy2 aindex aChristian-Biography1 aSchaff, David S bSRS cBK 00104070aHMIbHMId2007-06-12g100.00l0o201 SCHp728r2007-06-12w2026-01-16yARB c482d482